书目信息 |
| 题名: |
科学养猪实用技术
|
|
| 作者: | 唐新连 编著 | |
| 分册: | ||
| 出版信息: | 上海 上海科学技术出版社 2018.02 |
|
| 页数: | 377页 | |
| 开本: | 21cm | |
| 丛书名: | ||
| 单 册: | ||
| 中图分类: | S828 | |
| 科图分类: | ||
| 主题词: | 养猪学 | |
| 电子资源: | ||
| ISBN: | 978-7-5478-3879-2 | |
| 000 | 01085nam0 2200241 450 | |
| 001 | 3781 | |
| 005 | 20181009100228.90 | |
| 010 | @a978-7-5478-3879-2@b精装@dCNY45.00 | |
| 100 | @a20180412d2018 em y0chiy50 ea | |
| 101 | 0 | @achi |
| 102 | @aCN@b310000 | |
| 105 | @aak z 000yy | |
| 200 | 1 | @a科学养猪实用技术@9ke xue yang zhu shi yong ji shu@f唐新连编著 |
| 205 | @a2版 | |
| 210 | @a上海@c上海科学技术出版社@d2018.02 | |
| 215 | @a377页@c图@d21cm | |
| 314 | @a唐新连,作者,多年从事养猪生产技术服务,从一名生产场的专业兽医人员、猪场管理人员、养猪相关行业技术推广一步步做起,已有30余年的实践经验积累。作者结合自己在养猪实践中独到的见解和体会,提炼出许多书本中找不到的很多小知识与小技巧,值得同行借鉴与参考。 | |
| 330 | @a科学养猪实用技术(第2版)是养猪专业书。由从事养猪生产近30年的第一线技术人员编著。其最大的特点是突破了传统的书本知识,很多内容是作者多年生产经验的总结和提炼,技术实用、资料翔实。参阅本书能解决许多生产中遇到的棘手问题。 | |
| 606 | 0 | @a养猪学 |
| 690 | @aS828@v5 | |
| 701 | 0 | @a唐新连@9tang xin lian@4编著 |
| 801 | 0 | @aCN@b91MARC@c20180412 |
| 905 | @aMuseLib@dS828@e157=2 | |
| 科学养猪实用技术/唐新连编著.-2版.-上海:上海科学技术出版社,2018.02 |
| 377页:图;21cm |
| ISBN 978-7-5478-3879-2(精装):CNY45.00 |
| 科学养猪实用技术(第2版)是养猪专业书。由从事养猪生产近30年的第一线技术人员编著。其最大的特点是突破了传统的书本知识,很多内容是作者多年生产经验的总结和提炼,技术实用、资料翔实。参阅本书能解决许多生产中遇到的棘手问题。 |
| ● |
| 相关链接 |
|
|
|
|
正题名:科学养猪实用技术
索取号:S828/157=2
 
预约/预借
| 序号 | 登录号 | 条形码 | 馆藏地/架位号 | 状态 | 备注 |
| 1 | 1123697 | 211236973 | 第二样本阅览室/ [索取号:S828/157=2] | 在馆 | |
| 2 | 1123698 | 211236982 | 第三借阅区/ [索取号:S828/157=2] | 在馆 | |
| 3 | 1123699 | 211236991 | 第三借阅区/ [索取号:S828/157=2] | 在馆 | |
| 4 | 1123700 | 211237008 | 第三借阅区/ [索取号:S828/157=2] | 在馆 | |
| 5 | 1123701 | 211237017 | 密集书库-生命科学系/ [索取号:S828/157=2] | 在馆 |